[Event "4. Moscu Open 2008"]
[Site "Moscu RUS"]
[Date "2008.02.05"]
[Round "4.11"]
[White "Naiditsch, Arkadij"]
[Black "Andriasian, Zaven"]
[Result "1/2-1/2"]
[WhiteElo "2638"]
[BlackElo "2532"]
[PlyCount "191"]
[EventDate "2008.02.02"]
[EventType "swiss"]
[EventRounds "9"]
[EventCountry "RUS"]
[Source "lmi"]
[SourceDate "2008.02.02"]

1. e4 c5 2. Nf3 Nc6 3. Bb5 g6 4. Bxc6 dxc6 5. d3 Bg7 6. h3 b6 7. Nc3 Nh6 8. O-O
f6 9. a3 a5 10. Be3 Nf7 11. Na4 O-O 12. d4 c4 13. d5 c5 14. Re1 Qc7 15. Nc3 a4
16. Qd2 e5 17. dxe6 Bxe6 18. Nd5 Qb7 19. Nf4 Rfe8 20. Nxe6 Rxe6 21. Qd5 Qxd5
22. exd5 Rd6 23. Nd2 Rxd5 24. Nxc4 Ra6 25. Rad1 Rxd1 26. Rxd1 b5 27. Nd2 f5 28.
c3 Bf8 29. Nf3 Rd6 30. Rc1 Rd8 31. Kf1 b4 32. axb4 cxb4 33. cxb4 Bxb4 34. Ra1
Ra8 35. Nd4 Bc5 36. Nxf5 Bxe3 37. Nxe3 Rb8 38. Nd1 Rb4 39. Ra2 Ne5 40. Nc3 Nd3
41. Nxa4 Re4 42. g3 Re1+ 43. Kg2 Re2 44. Kf3 Rc2 45. h4 Kg7 46. Nc3 Rxb2 47.
Ra7+ Kf8 48. Ne4 Ne5+ 49. Kg2 h5 50. Ra5 Ng4 51. Kf3 Kf7 52. Ra6 Kg7 53. Ra7+
Kf8 54. Kg2 Ne3+ 55. Kg1 Rb1+ 56. Kh2 Rb2 57. Ra3 Ng4+ 58. Kg2 Kg7 59. Rc3 Re2
60. Kf3 Rb2 61. Rc5 Ra2 62. Rb5 Rc2 63. Rb7+ Kf8 64. Ra7 Rb2 65. Ra1 Kg7 66.
Rd1 Kf7 67. Ng5+ Kf8 68. Nh3 Kf7 69. Rd7+ Kf6 70. Rd6+ Kf5 71. Ra6 Ne5+ 72. Kg2
Ng4 73. Ra3 Kf6 74. Rf3+ Kg7 75. Ng5 Kg8 76. Ne6 Ra2 77. Rf8+ Kh7 78. Rf4 Kg8
79. Ng5 Rb2 80. Ne4 Kg7 81. Kf1 Ra2 82. Ke1 Ne5 83. Nc5 Rc2 84. Ne6+ Kh7 85.
Rf8 Ra2 86. f4 Nf3+ 87. Kd1 Rd2+ 88. Kc1 Rd6 89. Rf7+ Kh8 90. Re7 Nd4 91. Ng5
Rc6+ 92. Kd2 Nf5 93. Re8+ Kg7 94. Ne4 Nd6 95. Nxd6 Rxd6+ 96. Ke3 1/2-1/2

[Event "4. Moscu Open 2008"]
[Site "Moscu RUS"]
[Date "2008.02.05"]
[Round "4.12"]
[White "Kharitonov, Andrei  V"]
[Black "Najer, Evgeniy"]
[Result "1/2-1/2"]
[WhiteElo "2569"]
[BlackElo "2634"]
[PlyCount "35"]
[EventDate "2008.02.02"]
[EventType "swiss"]
[EventRounds "9"]
[EventCountry "RUS"]
[Source "lmi"]
[SourceDate "2008.02.02"]

1. d4 Nf6 2. Nf3 e6 3. c4 c5 4. e3 d5 5. cxd5 exd5 6. Nc3 a6 7. Be2 c4 8. O-O
b5 9. Ne5 Bb7 10. b3 Bb4 11. Bd2 O-O 12. a4 Bxc3 13. Bxc3 Nc6 14. Bf3 Qe7 15.
bxc4 bxc4 16. Qd2 Rab8 17. Rab1 Ba8 18. h3 1/2-1/2

[Event "4. Moscu Open 2008"]
[Site "Moscu RUS"]
[Date "2008.02.05"]
[Round "4.13"]
[White "Rychagov, Andrey"]
[Black "Asrian, Karen"]
[Result "1/2-1/2"]
[WhiteElo "2551"]
[BlackElo "2621"]
[PlyCount "143"]
[EventDate "2008.02.02"]
[EventType "swiss"]
[EventRounds "9"]
[EventCountry "RUS"]
[Source "lmi"]
[SourceDate "2008.02.02"]

1. d4 e6 2. c4 Bb4+ 3. Bd2 a5 4. Nf3 d6 5. g3 Nc6 6. Bg2 e5 7. d5 Bxd2+ 8. Qxd2
Nb8 9. O-O Nh6 10. Nc3 Na6 11. b3 O-O 12. a3 Bd7 13. Qb2 f5 14. b4 Qf6 15. Rfd1
e4 16. Nd4 e3 17. f4 Ng4 18. Ne6 Qh6 19. h4 Rf6 20. Rd3 axb4 21. axb4 Re8 22.
Nb5 Rc8 23. Nbd4 c5 24. dxc6 bxc6 25. Rxa6 Bxe6 26. Nxe6 Rxe6 27. Rxc6 Rxc6 28.
Bxc6 Nf2 29. Bd5 Nxd3 30. exd3 Kf8 31. Bxe6 Qxe6 32. Qe2 Qe7 33. Kg2 Qb7+ 34.
Qf3 Qxb4 35. Qxe3 Qb2+ 36. Kf3 Qb7+ 37. Ke2 Qb2+ 38. Qd2 Qb7 39. Qa5 Qg2+ 40.
Kd1 Qf3+ 41. Kc2 Qe2+ 42. Qd2 Qf3 43. Qe1 Kf7 44. Kc3 Qa8 45. Qb1 Qa5+ 46. Kc2
Qa7 47. Qb5 g6 48. Kb3 Ke7 49. Kb4 Qd4 50. Qd5 Qb6+ 51. Kc3 Qg1 52. Qf3 Qc1+
53. Kb3 Qb1+ 54. Ka4 Qb6 55. h5 Qa6+ 56. Kb3 Qb6+ 57. Kc2 Qa7 58. h6 Qa2+ 59.
Kc3 Qa3+ 60. Kd2 Qb2+ 61. Ke1 Kf6 62. Qe3 Qg2 63. d4 Qh1+ 64. Kd2 Qxh6 65. d5
Qf8 66. Qe6+ Kg7 67. Kd3 Qb8 68. Qd7+ Kf6 69. Qe6+ Kg7 70. Kc3 Qb6 71. Qe7+ Kh6
72. Qg5+ 1/2-1/2

[Event "4. Moscu Open 2008"]
[Site "Moscu RUS"]
[Date "2008.02.05"]
[Round "4.14"]
[White "Gasanov, Eldar"]
[Black "Guseinov, Gadir"]
[Result "1/2-1/2"]
[WhiteElo "2541"]
[BlackElo "2617"]
[PlyCount "165"]
[EventDate "2008.02.02"]
[EventType "swiss"]
[EventRounds "9"]
[EventCountry "RUS"]
[Source "lmi"]
[SourceDate "2008.02.02"]

1. d4 d5 2. c4 c6 3. Nf3 Nf6 4. e3 a6 5. Bd2 e6 6. Qc2 Nbd7 7. Nc3 Be7 8. e4
dxe4 9. Nxe4 Nxe4 10. Qxe4 c5 11. Bc3 Nf6 12. Qc2 cxd4 13. O-O-O Bd7 14. Rxd4
Qc7 15. Ne5 Bc6 16. Bd3 b5 17. Nxc6 Qxc6 18. Be4 Nxe4 19. Qxe4 Qc8 20. Rhd1 O-O
21. Rd7 Bg5+ 22. f4 Bf6 23. Bxf6 gxf6 24. R1d4 bxc4 25. f5 e5 26. Qg4+ Kh8 27.
Qh4 exd4 28. Qxf6+ Kg8 29. Qg5+ Kh8 30. Qf6+ Kg8 31. Rxd4 Rd8 32. Rg4+ Kf8 33.
Re4 Kg8 34. Qg5+ Kh8 35. Rg4 Rd1+ 36. Kc2 Rd2+ 37. Kc1 Rd1+ 38. Kc2 Rd2+ 39.
Kxd2 Qd8+ 40. Qxd8+ Rxd8+ 41. Kc3 Rd5 42. Rf4 Kg7 43. Rf2 Ra5 44. a3 Rc5 45.
Kd4 Rc8 46. Rc2 Kf6 47. Rxc4 Rd8+ 48. Ke4 Rd2 49. b4 Kg5 50. h4+ Kh5 51. Kf3
Rd3+ 52. Kf4 Kxh4 53. Rc6 h5 54. Rxa6 Rg3 55. Ra7 f6 56. Ra6 Rxa3 57. Rxf6 Rb3
58. g3+ Rxg3 59. b5 Rb3 60. Rb6 Rb4+ 61. Ke5 Kg5 62. Rg6+ Kh4 63. b6 Rb5+ 64.
Ke4 Rb4+ 65. Ke3 Rb5 66. f6 Rb3+ 67. Ke2 Rb2+ 68. Ke3 Rb3+ 69. Ke4 Rb4+ 70. Ke5
Rb5+ 71. Kd4 Rxb6 72. f7 Rxg6 73. f8=Q Rg4+ 74. Ke5 Kg3 75. Qa3+ Kg2 76. Kf5
Rg3 77. Qa8+ Kh2 78. Qh8 Rf3+ 79. Ke4 Rh3 80. Kf4 Rh4+ 81. Kf3 Rh3+ 82. Kf2 h4
83. Qh5 1/2-1/2

[Event "4. Moscu Open 2008"]
[Site "Moscu RUS"]
[Date "2008.02.05"]
[Round "4.15"]
[White "Burmakin, Vladimir"]
[Black "Yudin, Sergei"]
[Result "0-1"]
[WhiteElo "2611"]
[BlackElo "2519"]
[PlyCount "87"]
[EventDate "2008.02.02"]
[EventType "swiss"]
[EventRounds "9"]
[EventCountry "RUS"]
[Source "lmi"]
[SourceDate "2008.02.02"]

1. Nf3 e6 2. g3 b5 3. Bg2 Bb7 4. b3 Nf6 5. c4 a6 6. O-O c5 7. Nc3 Qb6 8. e3 Be7
9. Qe2 b4 10. Na4 Qc7 11. d4 d6 12. Bb2 Nbd7 13. Ne1 O-O 14. e4 cxd4 15. a3
bxa3 16. Bxd4 Bc6 17. Rxa3 Qb7 18. Bxf6 Nxf6 19. e5 dxe5 20. Bxc6 Qxc6 21. Ra1
Rab8 22. Nf3 e4 23. Nd4 Qc7 24. Qc2 Qd7 25. Rad1 e5 26. Nf3 Qf5 27. Nh4 Qh3 28.
f3 g5 29. Ng2 exf3 30. Rxf3 e4 31. Rc3 Bb4 32. Ne3 Rbd8 33. Rf1 Qe6 34. Nf5 Ng4
35. Qe2 Bxc3 36. Nxc3 Nh6 37. Nd5 Nxf5 38. Rxf5 f6 39. Qg4 Rde8 40. Kf1 h5 41.
Qh3 e3 42. Ke2 Qe4 43. Nxf6+ Rxf6 44. Rxg5+ 0-1

[Event "4. Moscu Open 2008"]
[Site "Moscu RUS"]
[Date "2008.02.05"]
[Round "4.16"]
[White "Potkin, Vladimir"]
[Black "Kosyrev, Vladimir"]
[Result "1/2-1/2"]
[WhiteElo "2609"]
[BlackElo "2509"]
[PlyCount "29"]
[EventDate "2008.02.02"]
[EventType "swiss"]
[EventRounds "9"]
[EventCountry "RUS"]
[Source "lmi"]
[SourceDate "2008.02.02"]

1. e4 e6 2. d4 d5 3. Nc3 Nc6 4. e5 f6 5. Bb5 Bd7 6. Nf3 Qe7 7. O-O O-O-O 8. a4
Qf7 9. Bxc6 Bxc6 10. Nb5 Kb8 11. Qe1 Ne7 12. exf6 gxf6 13. Bf4 Rd7 14. Qa5 Nc8
15. Rfe1 1/2-1/2

[Event "4. Moscu Open 2008"]
[Site "Moscu RUS"]
[Date "2008.02.05"]
[Round "4.17"]
[White "Kuzubov, Yuriy"]
[Black "Sveshnikov, Evgeny"]
[Result "1-0"]
[WhiteElo "2606"]
[BlackElo "2506"]
[PlyCount "73"]
[EventDate "2008.02.02"]
[EventType "swiss"]
[EventRounds "9"]
[EventCountry "RUS"]
[Source "lmi"]
[SourceDate "2008.02.02"]

1. e4 c5 2. Nf3 Nc6 3. d4 cxd4 4. Nxd4 e5 5. Nb5 d6 6. N1c3 a6 7. Na3 b5 8. Nd5
Nf6 9. Bg5 Be7 10. Bxf6 Bxf6 11. c3 Ne7 12. Nxf6+ gxf6 13. Qd3 d5 14. O-O-O Be6
15. exd5 Qxd5 16. Qxd5 Nxd5 17. Nc2 Ke7 18. g3 Rac8 19. Bg2 Rc5 20. Rd3 a5 21.
Rhd1 Nb6 22. Rd6 Na4 23. Ra6 Rhc8 24. Rxa5 Nxc3 25. bxc3 Rxc3 26. Rd2 b4 27.
Bd5 Bxd5 28. Raxd5 b3 29. axb3 Rxb3 30. Rd7+ Kf8 31. R7d3 Rcb8 32. Rxb3 Rxb3
33. Ne3 Ke7 34. Rb2 Rd3 35. Rb7+ Kf8 36. Kc2 Ra3 37. Nf5 1-0

[Event "4. Moscu Open 2008"]
[Site "Moscu RUS"]
[Date "2008.02.05"]
[Round "4.18"]
[White "Nikolenko, Oleg"]
[Black "Kaidanov, Gregory S"]
[Result "1/2-1/2"]
[WhiteElo "2509"]
[BlackElo "2604"]
[PlyCount "46"]
[EventDate "2008.02.02"]
[EventType "swiss"]
[EventRounds "9"]
[EventCountry "RUS"]
[Source "lmi"]
[SourceDate "2008.02.02"]

1. e4 e5 2. Nf3 Nc6 3. Bb5 a6 4. Bxc6 dxc6 5. O-O f6 6. d4 Bg4 7. dxe5 Qxd1 8.
Rxd1 fxe5 9. Nbd2 Rd8 10. Re1 Bd6 11. h3 Bh5 12. Nh4 Nf6 13. Nf5 O-O 14. Nc4
Bf7 15. Ncxd6 cxd6 16. f4 Rfe8 17. fxe5 Rxe5 18. Bg5 d5 19. Nh6+ Kf8 20. Bxf6
gxf6 21. exd5 Rdxd5 22. Rxe5 Rxe5 23. Nxf7 Kxf7 1/2-1/2

[Event "4. Moscu Open 2008"]
[Site "Moscu RUS"]
[Date "2008.02.05"]
[Round "4.19"]
[White "Smirnov, Pavel"]
[Black "Abdulla, Al-Rakib"]
[Result "1/2-1/2"]
[WhiteElo "2599"]
[BlackElo "2506"]
[PlyCount "88"]
[EventDate "2008.02.02"]
[EventType "swiss"]
[EventRounds "9"]
[EventCountry "RUS"]
[Source "lmi"]
[SourceDate "2008.02.02"]

1. e4 e5 2. Nf3 Nc6 3. Bb5 a6 4. Ba4 Nf6 5. O-O Be7 6. Re1 b5 7. Bb3 O-O 8. c3
d6 9. h3 Na5 10. Bc2 c5 11. d4 Qc7 12. d5 Nc4 13. b3 Nb6 14. a4 Bd7 15. a5 Nc8
16. c4 b4 17. Nbd2 Ne8 18. Nf1 Bd8 19. g4 Ne7 20. Ng3 g6 21. Bh6 Ng7 22. Nd2
Kh8 23. Kh2 Ng8 24. Be3 Bh4 25. Rf1 Rae8 26. Qf3 Qd8 27. Qg2 Bg5 28. f4 exf4
29. Bxf4 Bxf4 30. Rxf4 Qg5 31. Rff1 Qh6 32. Kg1 f5 33. exf5 gxf5 34. gxf5 Nf6
35. Nde4 Nxe4 36. Bxe4 Rg8 37. Qb2 Qxh3 38. Qh2 Qg4 39. Bf3 Qd4+ 40. Kh1 Nxf5
41. Nxf5 Bxf5 42. Rae1 Re3 43. Rxe3 Qxe3 44. Qxd6 Qd4 1/2-1/2

[Event "4. Moscu Open 2008"]
[Site "Moscu RUS"]
[Date "2008.02.05"]
[Round "4.21"]
[White "Lysyj, Igor"]
[Black "Ivanov, Oleg V"]
[Result "1-0"]
[WhiteElo "2593"]
[BlackElo "2454"]
[PlyCount "78"]
[EventDate "2008.02.02"]
[EventType "swiss"]
[EventRounds "9"]
[EventCountry "RUS"]
[Source "lmi"]
[SourceDate "2008.02.02"]

1. d4 d5 2. c4 c6 3. Nf3 Nf6 4. e3 Bf5 5. Nc3 e6 6. Nh4 Bg6 7. Be2 Nbd7 8. O-O
Bd6 9. g3 O-O 10. Nxg6 hxg6 11. Qb3 Rb8 12. Rd1 Qe7 13. Qc2 Rbc8 14. c5 Bc7 15.
f4 b5 16. Bf3 a5 17. Bd2 Nh7 18. e4 f5 19. e5 g5 20. Ne2 gxf4 21. Nxf4 Rfd8 22.
Be2 Ndf8 23. g4 Qf7 24. Rf1 Rd7 25. h4 Bd8 26. Ng2 g6 27. g5 Qe8 28. Kf2 Rg7
29. Rh1 Ra8 30. Rag1 Raa7 31. Nf4 Qe7 32. Ke1 Kf7 33. h5 Ke8 34. hxg6 Nxg5 35.
Nh5 Ne4 36. Nxg7+ Qxg7 37. Bh6 Qg8 38. g7 Nh7 39. Bh5+ Kd7 1-0

[Event "4. Moscu Open 2008"]
[Site "Moscu RUS"]
[Date "2008.02.05"]
[Round "4.22"]
[White "Gubajdullin, Alexei"]
[Black "Oleksienko, Mikhailo"]
[Result "0-1"]
[WhiteElo "2504"]
[BlackElo "2590"]
[PlyCount "102"]
[EventDate "2008.02.02"]
[EventType "swiss"]
[EventRounds "9"]
[EventCountry "RUS"]
[Source "lmi"]
[SourceDate "2008.02.02"]

1. d4 Nf6 2. Nf3 e6 3. c4 c5 4. Nc3 cxd4 5. Nxd4 Nc6 6. a3 Nxd4 7. Qxd4 b6 8.
Nb5 Ba6 9. Qe5 d6 10. Qg3 Qd7 11. e3 Rc8 12. Be2 d5 13. O-O dxc4 14. a4 Ne4 15.
Qg4 f5 16. Qh3 Qf7 17. Rd1 Bb4 18. f3 Bxb5 19. fxe4 Bc6 20. Rd4 Bxe4 21. Bxc4
Ke7 22. Ba6 Rc2 23. Rxb4 Rxg2+ 24. Qxg2 Bxg2 25. Kxg2 Qg6+ 26. Kf2 Qh5 27. h4
g5 28. a5 f4 29. exf4 Qxh4+ 30. Ke2 Qh2+ 31. Ke1 g4 32. f5 Qg1+ 33. Bf1 Qg3+
34. Kd2 Rc8 35. Rc4 Rxc4 36. Bxc4 exf5 37. axb6 axb6 38. Ra7+ Kf6 39. Kc2 Qg2+
40. Kb3 Qf3+ 41. Kb4 g3 42. Bd2 g2 43. Rf7+ Kg6 44. Rf8 Qf2 45. Rg8+ Kh5 46.
Be3 Qe1+ 47. Ka4 Qxe3 48. Rxg2 Qe4 49. Rh2+ Kg5 50. Kb3 f4 51. Re2 Qd4 0-1

[Event "4. Moscu Open 2008"]
[Site "Moscu RUS"]
[Date "2008.02.05"]
[Round "4.23"]
[White "Inarkiev, Ernesto"]
[Black "Kachko, Alexander"]
[Result "1-0"]
[WhiteElo "2681"]
[BlackElo "2419"]
[PlyCount "139"]
[EventDate "2008.02.02"]
[EventType "swiss"]
[EventRounds "9"]
[EventCountry "RUS"]
[Source "lmi"]
[SourceDate "2008.02.02"]

1. d4 d5 2. Nf3 Nf6 3. c4 c6 4. Nc3 a6 5. c5 Nbd7 6. Bf4 g6 7. h3 Bg7 8. e3 Ne4
9. Nxe4 dxe4 10. Ng5 Nf6 11. Be5 O-O 12. Bc4 Qe8 13. Qc2 h6 14. Nxe4 Bf5 15.
Bd3 Nxe4 16. Bxg7 Kxg7 17. Bxe4 Bxe4 18. Qxe4 f6 19. Qe6 Rd8 20. O-O-O f5 21.
Qb3 Qd7 22. Rd2 e6 23. f3 Rf7 24. Qc3 Kh7 25. Re1 Qd5 26. b3 Rfd7 27. Red1 Rf7
28. Kc2 Qd7 29. Qc4 Qe7 30. Rd3 Qg5 31. R1d2 Qf6 32. b4 Rfd7 33. a4 h5 34. Kd1
Kh6 35. Ke2 Rd5 36. Qc3 Qh4 37. Kd1 R5d7 38. Kc2 Rd5 39. Rd1 Kh7 40. Qe1 Qf6
41. Qg3 Qg7 42. h4 a5 43. bxa5 e5 44. Qf2 Qf7 45. Kb1 Qc7 46. Qe1 Qe7 47. Qb4
R5d7 48. g3 e4 49. fxe4 Qxe4 50. Qe1 Re8 51. Kb2 Rde7 52. Qe2 Qd5 53. Rb3 Ra8
54. Qe1 Rae8 55. Rdd3 Kh6 56. Ka3 Ra8 57. Qd2 Kh7 58. Rb6 Qc4 59. Qc3 Qf7 60.
Qb3 Qg7 61. Qb4 Rae8 62. Qd2 Ra8 63. Rdb3 Ra7 64. Qb2 Rc7 65. Qc3 Qf7 66. Qd3
Qd5 67. Qc3 Qf7 68. R3b4 Re7 69. Qb3 Qg7 70. a6 1-0

[Event "4. Moscu Open 2008"]
[Site "Moscu RUS"]
[Date "2008.02.05"]
[Round "4.25"]
[White "Danin, Alexandre"]
[Black "Amonatov, Farrukh"]
[Result "1-0"]
[WhiteElo "2480"]
[BlackElo "2649"]
[PlyCount "87"]
[EventDate "2008.02.02"]
[EventType "swiss"]
[EventRounds "9"]
[EventCountry "RUS"]
[Source "lmi"]
[SourceDate "2008.02.02"]

1. e4 c5 2. Nf3 d6 3. d4 cxd4 4. Nxd4 Nf6 5. Nc3 a6 6. Bc4 e6 7. Bb3 Nc6 8. Be3
Qc7 9. f4 Na5 10. O-O Be7 11. Qf3 O-O 12. g4 Nc4 13. g5 Ne8 14. f5 Nxe3 15.
Qxe3 Qc5 16. Rad1 b5 17. h4 Nc7 18. fxe6 fxe6 19. Rxf8+ Bxf8 20. Qf2 Bd7 21.
Rf1 d5 22. exd5 exd5 23. Nxd5 Nxd5 24. Qf7+ Kh8 25. Qxd5 Qxd5 26. Bxd5 Rd8 27.
Ne6 Bxe6 28. Bxe6 Bc5+ 29. Kg2 Rd2+ 30. Kf3 Bd6 31. Bb3 h5 32. gxh6 gxh6 33.
Kg4 a5 34. Kh5 a4 35. Be6 Rxc2 36. Kxh6 Re2 37. Bd5 Re5 38. Rd1 Be7 39. Kg6
Bxh4 40. Rf1 Rg5+ 41. Kh6 Rg8 42. Bxg8 Kxg8 43. Kg6 Be7 44. Rf7 1-0

[Event "4. Moscu Open 2008"]
[Site "Moscu RUS"]
[Date "2008.02.05"]
[Round "4.27"]
[White "Chadaev, Nikolai"]
[Black "Kobalia, Mikhail"]
[Result "0-1"]
[WhiteElo "2471"]
[BlackElo "2623"]
[PlyCount "70"]
[EventDate "2008.02.02"]
[EventType "swiss"]
[EventRounds "9"]
[EventCountry "RUS"]
[Source "lmi"]
[SourceDate "2008.02.02"]

1. e4 c5 2. Nf3 e6 3. d4 cxd4 4. Nxd4 Nc6 5. Nc3 a6 6. g3 d6 7. Bg2 Bd7 8. O-O
Nf6 9. Re1 Be7 10. Nxc6 Bxc6 11. Bf4 Rc8 12. Qe2 O-O 13. Rad1 Qb6 14. Bc1 Nd7
15. Kh1 Rfe8 16. f4 Qc7 17. g4 b5 18. a3 Qb8 19. g5 a5 20. Qg4 Ba8 21. Re3 b4
22. axb4 axb4 23. Ne2 Rxc2 24. Nd4 Rxg2 25. Qxg2 g6 26. h4 Bf8 27. Qe2 e5 28.
fxe5 Rxe5 29. Nf3 Re6 30. Kg1 Bg7 31. Nd4 Re5 32. Nf3 Re8 33. Qh2 Re6 34. Qf4
Nc5 35. Rde1 Qb5 0-1

[Event "4. Moscu Open 2008"]
[Site "Moscu RUS"]
[Date "2008.02.05"]
[Round "4.28"]
[White "Aleksandrov, Aleksej"]
[Black "Yandemirov, Valeri"]
[Result "1/2-1/2"]
[WhiteElo "2618"]
[BlackElo "2461"]
[PlyCount "72"]
[EventDate "2008.02.02"]
[EventType "swiss"]
[EventRounds "9"]
[EventCountry "RUS"]
[Source "lmi"]
[SourceDate "2008.02.02"]

1. d4 Nf6 2. c4 g6 3. Nc3 d5 4. Nf3 Bg7 5. Qb3 dxc4 6. Qxc4 O-O 7. e4 c6 8. Be2
b5 9. Qb3 Qa5 10. Bd2 b4 11. Na4 Nxe4 12. Bxb4 Qc7 13. O-O Be6 14. Qc2 Nd6 15.
Rfd1 a5 16. Ba3 Bd5 17. Rac1 Na6 18. Nc3 Qb8 19. Ne5 Nb4 20. Bxb4 Qxb4 21. Nxd5
cxd5 22. Nc6 Qb7 23. Qc5 Qxb2 24. Nxe7+ Kh8 25. Rc2 Qb8 26. Bf3 Qd8 27. Nc6 Qf6
28. Bxd5 Rae8 29. Ne5 Nf5 30. Bc6 Re7 31. Nd7 Qxd4 32. Rcc1 Qxc5 33. Rxc5 Rd8
34. Rxa5 Nd4 35. Ba4 Rexd7 36. Bxd7 Rxd7 1/2-1/2

[Event "4. Moscu Open 2008"]
[Site "Moscu RUS"]
[Date "2008.02.05"]
[Round "4.29"]
[White "Looshnikov, Nikolai"]
[Black "Vitiugov, Nikita"]
[Result "1/2-1/2"]
[WhiteElo "2454"]
[BlackElo "2609"]
[PlyCount "35"]
[EventDate "2008.02.02"]
[EventType "swiss"]
[EventRounds "9"]
[EventCountry "RUS"]
[Source "lmi"]
[SourceDate "2008.02.02"]

1. e4 e6 2. d4 d5 3. exd5 exd5 4. Nf3 Nc6 5. Bb5 Bd6 6. c4 dxc4 7. d5 a6 8. Ba4
b5 9. dxc6 bxa4 10. O-O Ne7 11. Qxa4 Be6 12. Ng5 Bd5 13. Nc3 Bxc6 14. Qxc4 O-O
15. Nge4 Rb8 16. Qxa6 Rb4 17. Re1 Be5 18. Ng3 1/2-1/2

[Event "4. Moscu Open 2008"]
[Site "Moscu RUS"]
[Date "2008.02.05"]
[Round "4.30"]
[White "Fedorov, Alexei"]
[Black "Khusnutdinov, Rustam"]
[Result "1/2-1/2"]
[WhiteElo "2607"]
[BlackElo "2452"]
[PlyCount "47"]
[EventDate "2008.02.02"]
[EventType "swiss"]
[EventRounds "9"]
[EventCountry "RUS"]
[Source "lmi"]
[SourceDate "2008.02.02"]

1. e4 e5 2. Nf3 Nc6 3. Bb5 a6 4. Ba4 Nf6 5. O-O b5 6. Bb3 Bc5 7. c3 Bb6 8. a4
Rb8 9. d3 h6 10. Na3 b4 11. cxb4 O-O 12. b5 axb5 13. Nxb5 d5 14. Be3 Bg4 15.
Rc1 Nb4 16. Qd2 Bxf3 17. gxf3 c6 18. Qxb4 cxb5 19. Rc6 Bxe3 20. fxe3 bxa4 21.
Qxa4 dxe4 22. dxe4 Qd2 23. Rc3 Qxb2 24. Qc4 1/2-1/2

[Event "4. Moscu Open 2008"]
[Site "Moscu RUS"]
[Date "2008.02.05"]
[Round "4.31"]
[White "Sitnikov, Anton"]
[Black "Korotylev, Alexey"]
[Result "1/2-1/2"]
[WhiteElo "2450"]
[BlackElo "2607"]
[PlyCount "26"]
[EventDate "2008.02.02"]
[EventType "swiss"]
[EventRounds "9"]
[EventCountry "RUS"]
[Source "lmi"]
[SourceDate "2008.02.02"]

1. Nf3 Nf6 2. d4 e6 3. Bg5 c5 4. Nc3 cxd4 5. Nxd4 Nc6 6. Ndb5 d5 7. e4 a6 8.
exd5 axb5 9. dxc6 Qxd1+ 10. Rxd1 bxc6 11. a3 Be7 12. Be2 Nd5 13. Nxd5 exd5
1/2-1/2

[Event "4. Moscu Open 2008"]
[Site "Moscu RUS"]
[Date "2008.02.05"]
[Round "4.32"]
[White "Grachev, Boris"]
[Black "Kuznetsov, Viktor"]
[Result "0-1"]
[WhiteElo "2601"]
[BlackElo "2590"]
[PlyCount "108"]
[EventDate "2008.02.02"]
[EventType "swiss"]
[EventRounds "9"]
[EventCountry "RUS"]
[Source "lmi"]
[SourceDate "2008.02.02"]

1. d4 c5 2. d5 e5 3. e4 d6 4. Nc3 Be7 5. Nf3 Bg4 6. h3 Bxf3 7. Qxf3 Bg5 8. Bxg5
Qxg5 9. Nb5 Qd8 10. Qg4 Kf8 11. Nxd6 Nf6 12. Qc8 Qxc8 13. Nxc8 Nxe4 14. Bd3 Nd7
15. Bxe4 Rxc8 16. O-O-O g6 17. d6 b6 18. Rhe1 Kg7 19. Re3 Rhe8 20. Bb7 Rcd8 21.
Ba6 e4 22. Ra3 Re6 23. Bc4 Rf6 24. Rxa7 Ne5 25. Bb5 Rfxd6 26. Rxd6 Rxd6 27. Re7
Kf6 28. Rb7 h5 29. a4 Kg5 30. Re7 f6 31. c3 c4 32. Kc2 Kf4 33. Rc7 Nd3 34. Bxc4
Nxf2 35. Bb5 e3 36. Rd7 e2 37. Re7 Ne4 38. Rxe4+ Kxe4 39. Bxe2 Ke3 40. Bf3 Rd2+
41. Kb3 h4 42. Ka3 Rc2 43. Kb3 Rf2 44. Bb7 g5 45. Ka3 Rc2 46. Kb3 Rd2 47. Ka3
Kd3 48. b4 Kxc3 49. a5 bxa5 50. bxa5 Rd1 51. Ka2 Re1 52. a6 Re5 53. Kb1 Ra5 54.
Bc8 f5 0-1

[Event "4. Moscu Open 2008"]
[Site "Moscu RUS"]
[Date "2008.02.05"]
[Round "4.33"]
[White "Bocharov, Dmitry"]
[Black "Kim, Alexey"]
[Result "0-1"]
[WhiteElo "2600"]
[BlackElo "2314"]
[PlyCount "92"]
[EventDate "2008.02.02"]
[EventType "swiss"]
[EventRounds "9"]
[EventCountry "RUS"]
[Source "lmi"]
[SourceDate "2008.02.02"]

1. d4 d5 2. c4 c6 3. Nf3 Nf6 4. Nc3 e6 5. Bg5 Nbd7 6. cxd5 exd5 7. e3 Be7 8.
Qc2 Nh5 9. Bxe7 Qxe7 10. O-O-O Nb6 11. h3 Be6 12. Bd3 O-O-O 13. Na4 Nxa4 14.
Qxa4 Kb8 15. Kb1 Nf6 16. Rc1 Nd7 17. Rc3 Nb6 18. Qa5 Rd7 19. Rhc1 Rc7 20. Nd2
Qf6 21. f4 Bf5 22. Bxf5 Qxf5+ 23. Ka1 Re8 24. b4 Rce7 25. Ra3 Nc8 26. Rcc3 a6
27. Nf3 f6 28. Rab3 Nd6 29. Nd2 Qh5 30. Qc5 Qe2 31. Rc1 Qxd2 32. Qxd6+ Rc7 33.
Qc5 Rxe3 34. Rb2 Qd3 35. b5 axb5 36. Rb3 Qe4 37. Rxb5 Qe7 38. Qxe7 Rexe7 39.
Rb4 Re4 40. g3 c5 41. Rb5 Rxd4 42. Rbxc5 Rxc5 43. Rxc5 Rd3 44. g4 Rxh3 45. Rxd5
Rh4 46. g5 Rxf4 0-1

[Event "4. Moscu Open 2008"]
[Site "Moscu RUS"]
[Date "2008.02.05"]
[Round "4.34"]
[White "Pustov, Pavel"]
[Black "Popov, Ivan"]
[Result "0-1"]
[WhiteElo "2413"]
[BlackElo "2590"]
[PlyCount "62"]
[EventDate "2008.02.02"]
[EventType "swiss"]
[EventRounds "9"]
[EventCountry "RUS"]
[Source "lmi"]
[SourceDate "2008.02.02"]

1. d4 Nf6 2. Nf3 d5 3. c4 c6 4. Nc3 a6 5. e3 b5 6. b3 Bg4 7. Be2 Nbd7 8. O-O
Qb8 9. h3 Bh5 10. cxd5 cxd5 11. Bb2 e6 12. Ne5 Nxe5 13. Bxh5 Ned7 14. Be2 Bd6
15. Bd3 O-O 16. Qe2 Nb6 17. a4 bxa4 18. bxa4 Nc4 19. Rab1 Rc8 20. Ba1 Qc7 21.
e4 Bf4 22. e5 Nd7 23. g3 Bh6 24. f4 g6 25. g4 Rab8 26. Rxb8 Nxb8 27. g5 Bf8 28.
f5 Qc6 29. fxe6 fxe6 30. Nxd5 exd5 31. Bxc4 dxc4 0-1

[Event "4. Moscu Open 2008"]
[Site "Moscu RUS"]
[Date "2008.02.05"]
[Round "4.35"]
[White "Yakovich, Yuri"]
[Black "Pruess, David"]
[Result "1-0"]
[WhiteElo "2595"]
[BlackElo "2431"]
[PlyCount "59"]
[EventDate "2008.02.02"]
[EventType "swiss"]
[EventRounds "9"]
[EventCountry "RUS"]
[Source "lmi"]
[SourceDate "2008.02.02"]

1. d4 Nf6 2. c4 g6 3. Nc3 Bg7 4. e4 d6 5. Be2 O-O 6. Bg5 Nbd7 7. Qd2 c5 8. Nf3
Qa5 9. Rd1 cxd4 10. Nxd4 Nc5 11. f3 Ne6 12. Be3 Nxd4 13. Bxd4 Be6 14. O-O Rfc8
15. b3 Nd7 16. Bxg7 Kxg7 17. Kh1 a6 18. Qb2 f6 19. Nd5 Bxd5 20. Rxd5 Rc5 21. f4
Qb6 22. Bg4 Rxd5 23. exd5 Nc5 24. b4 Kf8 25. Qb1 f5 26. Bxf5 gxf5 27. Qxf5+ Ke8
28. bxc5 Qxc5 29. Qxh7 Qxc4 30. Re1 1-0

[Event "4. Moscu Open 2008"]
[Site "Moscu RUS"]
[Date "2008.02.05"]
[Round "4.36"]
[White "Belov, Vladimir"]
[Black "Shvedchikov, Anatoli I"]
[Result "1-0"]
[WhiteElo "2578"]
[BlackElo "2423"]
[PlyCount "97"]
[EventDate "2008.02.02"]
[EventType "swiss"]
[EventRounds "9"]
[EventCountry "RUS"]
[Source "lmi"]
[SourceDate "2008.02.02"]

1. e4 c6 2. d4 d5 3. e5 g6 4. c4 Be6 5. cxd5 Bxd5 6. Nc3 e6 7. Nxd5 cxd5 8. Nf3
Bb4+ 9. Bd2 Qa5 10. a3 Bxd2+ 11. Nxd2 Qb6 12. Nb3 Ne7 13. Bd3 Nec6 14. O-O Nd7
15. Be2 O-O-O 16. Qd3 Kb8 17. Rab1 Rc8 18. Rfd1 Rc7 19. Na1 Na5 20. b4 Nc4 21.
a4 a6 22. a5 Qb5 23. Qf3 Rf8 24. Nc2 Qa4 25. Ne1 Qa3 26. Qf4 Nb2 27. Rd2 Na4
28. Bf1 Nc3 29. Rd3 Qa2 30. Rc1 Rfc8 31. Re3 Qd2 32. Rc2 Ne2+ 33. Bxe2 Rxc2 34.
Nxc2 Qxc2 35. h4 Qb1+ 36. Kh2 Rf8 37. b5 axb5 38. Rc3 b4 39. Rc1 Qe4 40. Qxe4
dxe4 41. Bb5 Rd8 42. Rb1 Kc7 43. Rxb4 Nb8 44. Kg3 Nc6 45. Bxc6 Kxc6 46. Kf4 Rd5
47. Rc4+ Kd7 48. Ra4 Rb5 49. Ra2 1-0